Statistics for Five Biggest Cities by Continent by Letter - Q

Click here to take the quiz!

General Stats

  • This quiz has been taken 218 times
  • The average score is 7 of 26

Answer Stats

PopulationCountryCity% Correct
1,608,000EcuadorQuito
99%
3,991,000ChinaQingdao
73%
2,936,000PhilippinesQuezon City
70%
532,000CanadaQuebec City
68%
1,201,000IranQom
64%
1,001,000PakistanQuetta
55%
12,000New ZealandQueens{town}
54%
642,000MexicoQuerétaro
40%
64,000FranceQui{mper}
28%
94,000USAQui{ncy}
28%
1,315,000ChinaQiqihar
27%
60,000EgyptQu{s}
26%
246,000MozambiqueQuelimane
13%
75,000PortugalQue{luz}
13%
201,000EgyptQena
8%
41,000ItalyQua{rto}
8%
71,000Italy{Quartu} Sant'Elena
8%
120,000GuatemalaQuetzaltenango
8%
78,000Mauritius{Quatre} Bornes
6%
43,000Canada{Quinte} West
6%
151,000EcuadorQuevedo
5%
145,000BrazilQueimados
4%
118,000BoliviaQuillacollo
3%
157,000ChileQuillota
3%
107,000EgyptQalyub
2%
26,000ItalyQuar{rata}
1%

Score Distribution

Percentile by Number Answered

Percent of People with Each Score

Your Score History

You have not taken this quiz